Zweier Paare #2 - Statistiken

Allgemein
  • Dieses Quiz wurde 308 mal gespielt
  • Das Durchschnittsergebnis liegt bei 14 aus 16
Antwortstatistiken
Hint Antwort % Korrekt
A B
100%
Mann Frau
99%
Oben Unten
99%
Maximum Minimum
98%
Asterix Obelix
98%
Gewinner Verlierer
98%
Wahr Falsch
95%
Input Output
95%
An Aus
93%
Angebot Nachfrage
90%
Himmel Hölle
88%
Aktiv Passiv
88%
Dur Moll
83%
Säure Base
78%
Bud Spencer Terence Hill
71%
Sherlock Holmes Dr. Watson
66%
Keine übereinstimmenden Quizze gefunden
Verteilung der Resultate
Anzahl Personen mit jedem Resultat
Perzentil nach korrekt beantworteten Fragen
Ihre Resultats-Entwicklung
Sie haben dieses Quiz noch nicht gespielt